000 00659nam a2200217Ia 4500
005 20250508164217.0
008 008 250505s9999 xx 000 0 eng d
020 _a81-7541-180-5
037 _aTextBook
040 _aFEDL
_beng
_cFEDL
041 _aeng
_2eng
084 _a371.3, MUK
_qFEDL
100 _aMukhopadhyay Marmar Ed.
_9143092
245 0 _aEducational technology knowledge assessment
260 _aDelhi, India
_bShipra Publications
_c2004
300 _a195p
365 _aINR
_b395
650 _aEducation Technology; Teaching Technique; Knowledge Assesment
_9777690
942 _cTB
_h371.3, MUK
999 _c1387556
_d1387556